00630nam a2200181Ia 4500008004100000020001800041022001500059040001300074082001700087245011300104260004000217300003000257500005000287650003700337650003200374700001900406700002300425191130s2007##################000#0#eng## a9780415771177 a2006035814 aACLcACL a302.2343 CHE aFilm, history and cultural citizenship : sites of productioncedited by Tina Mai Chen and David S. Churchill aLondon ; New YorkbRoutledgecc2007 avi, 241 p. : ill. ; 24 cm aIncludes bibliographical references and index aMotion pictures - Social aspects aMotion pictures and history aChen, Tina Mai aChurchill, David S